Best NBA players of the 1990s - Statistics

General Stats
  • This quiz has been taken 119 times
  • The average score is 25 of 40
Answer Stats
Hint Answer % Correct
Bulls Michael Jordan
99%
Jazz Karl Malone
98%
Jazz John Stockton
97%
Knicks Patrick Ewing
96%
Spurs David Robinson
95%
Bulls Scottie Pippen
94%
Pistons/Bulls Dennis Rodman
91%
Suns/Rockets Charles Barkley
85%
Blazers/Rockets Clyde Drexler
84%
SuperSonics Gary Payton
84%
Rockets Hakeem Olajuwon
84%
Magic Penny Hardaway
83%
SuperSonics Shawn Kemp
83%
Pacers Reggie Miller
78%
Magic/Lakers Shaq
75%
Hornets/Heat Alonzo Mourning
74%
Hornets/Knicks Larry Johnson
74%
Nuggets/Hawks Dikembe Mutombo
73%
Suns Kevin Johnson
72%
Hawks Dominique Wilkins
71%
Warriors/Pacers Chris Mullin
69%
76ers Allen Iverson
68%
Mavericks Jason Kidd
67%
Pistons Joe Dumars
65%
Bulls/Magic Horace Grant
58%
Pistons Grant Hill
53%
Bullets/Kings Chris Webber
50%
Kings Mitch Richmond
50%
Knicks John Starks
48%
Heat/Hornets Glen Rice
46%
Jazz Jeff Hornacek
43%
Cavs/Warriors Mark Price
40%
Pacers/SuperSonics Detlef Schrempf
38%
Nets Derrick Coleman
37%
Raptors/Blazers Damon Stoudamire
29%
Bucks Vin Baker
25%
Hawks Mookie Blaylock
22%
Blazers/Bullets Rod Strickland
19%
Suns Dan Majerle
4%
Warriors/Heat Tim Richmond
1%
No matching quizzes found
Score Distribution
Percent of People with Each Score
Percentile by Number Answered
Your Score History
You have not taken this quiz